Stranger Things Trivia - Statistics

General Stats
  • This quiz has been taken 6,889 times
    6,879 since last reset
  • The average score is 18 of 24
Answer Stats
Question Answer % Correct
Who Is Mike's Older Sister? Nancy
96%
Who Is Nancy's Best Friend? Barb
93%
Will's? Byers
91%
Who Helps Joyce (Will's Mom) Find Will? Jim Hopper
91%
What is Mike's Last Name? Wheeler
91%
Who Is Will's Older Brother? Jonathan
90%
What Does Will's Mom Set Up In The House In Order To Communicate With Him? Lights
90%
(In Dungeons And Dragons) What Was The Last Number Will Rolled? 7
89%
Who Do The Boy's Find When They Are Looking For Will? Eleven
89%
Where Does The Demogorgon Live? Upside Down
87%
What Creature Takes Will? Demogorgon
85%
What Does Eleven Steal From The Store? Eggo Waffles
83%
What Middle School Do The Boys Go To? Hawkins Middle School
80%
Who's Basement Is Eleven Staying In? Mike's
79%
Lucas'? Sinclair
77%
Who Is Eleven's "Papa"? Dr. Brenner
74%
Dustin's? Henderson
73%
What Happens When She Uses That Power? Her Nose/Ears Bleed
73%
What Is Will's Favorite Song? Should I stay Or Should I Go
73%
What Is The Name Of Will's Fort? Castle Byers
64%
What Kind Of Power Does Eleven Have? Telekinesis
52%
When Does Barb Disappear? The Night Of Steve's Party
50%
What Was Eleven Wearing When The Boys Found Her? Yellow Shirt
33%
What Is The Name Of The Agent Who Shoots The Diner? Connie Frazier
16%
No matching quizzes found
Score Distribution
Percent of People with Each Score
Percentile by Number Answered
Your Score History
You have not taken this quiz since the last reset